| 000 | 00736cab a2200217 4500 | ||
|---|---|---|---|
| 001 | ABS56011 | ||
| 008 | 090401t1996 xxu||||| |||| 00| 0 eng d | ||
| 035 | _a(Sirsi) u20413 | ||
| 041 | _aeng | ||
| 100 | _aChislett, P. | ||
| 245 | _aComputers and the Internet - what`s in it for Realtors | ||
| 260 | _c1996 | ||
| 350 | _a0 | ||
| 490 |
_aCanadian Realtor News _vOctober 1996, 8-9(2) |
||
| 520 | _aExamines how a property agent might make use of the internet, including advertising property. Lists and explains the hardware and software needed to get connected (Canadian). | ||
| 650 | _aCOMPUTING | ||
| 650 | _aINTERNET | ||
| 690 | _aMANAGEMENT-BUSINESS MANAGEMENT-INFORMATION MANAGEMENT | ||
| 942 | _n0 | ||
| 948 | _c04/03/1997 | ||
| 999 |
_c13675 _d13675 |
||